000 00850nam a2200253 a 4500
001 000081837
005 20200120224631.0
008 161125s2011 ck a|||gr|||| 000 ||spa d
020 _a9789584465153 (obra completa)
020 _a9789584465221 (libro)
041 0 _a+¿spa
043 _as-ck---
082 0 4 _a581.9861
_bR65
_221
100 1 _aRomán, Celso.
245 1 0 _aMutis y la minería :
_bamorosa mutisia /
_cCelso Román.
250 _a1a. ed.
260 _aBogotá :
_bCarlos Nicolás Hernández Camacho,
_c2011.
300 _a96 páginas :
_bilustraciones a color.
490 0 _aBiblioteca colombiana ilustrada
500 _aIncluye índice
610 2 7 _aMutis, José Celestino,
_xHomenajes póstumos
_y1732-1808
_2LEMB
650 2 7 _aBotánica
_xInvestigaciones
_zColombia
_2LEMB
650 2 7 _aExpediciones científicas
_zColombia
_2LEMB
999 _c10246
_d10246